00730nam a2200193 i 450000100060000000300090000600500170001500700030003200800410003508000300007611000470010624500810015326000980023430000320033250000540036465100770041885200210049585200200051676342ES-MaACL20230906172817.0t|040930s1908 sp ||||1| spa d a94(460)"1808/14":75.041.50 aJunta de Iconografía Nacional (España)10aGuerra de la Independencia b: retratos / cJunta de Iconografía Nacional. aMadrid : b[s.n.], c1908 (eMadrid : fImp. de la Revista de Archivos, Bibliotecas y Museos) a47 h., 44 lám. ; c40 cm. aPrecede al tit.: Junta de Iconografía Nacional. 4aEspaña-xHistoria-y1808-1814, Guerra de la Independencia-vRetratos. aES-MaACLjB-6477 aES-MaACLjB-251